01601nam a22002177a 4500001000500000005001700005020001800022040002900040050001100069082001100080100001700091245011300108250004800221260003500269300002800304520088300332650001301215942001501228999001501243952012501258173320230921162937.0 a9781862008625 aFISKHbengcFISKHdFISKH aF128.3 a974.71 aHenry, Sarah aNew York /bthe story of a great citycIn association with and written by the Museum of The City of New York aThis edition published in 2011 by Sevenoaks aLondon :bCarlton Books,c2011 a124 pages :c31 x 28 cm aFew cities make your heart race faster just by standing on their streets, but New York exerts an influence that stretches far beyond the city's limits. New York: The Story of a Great City tells concisely and entertainingly how the city developed from the land inhabited by the Lenape people to the great metropolis it is today. Organized both thematically and chronologically, the book brings the city's history to life. The book contains stunning images as wells as documents printed on the page including - diary extracts, immigration papers, maps, newspaper clippings, playbills, letters and posters. All go to highlight the ups and downs of the city's past. As Agatha Christie once said, "It is ridiculous to set a detective story in New York City, New York City is itself a detective story." Now the reader can discover that story in the comfort of his or her own armchair. aNew York 2ddccBKn0 c1733d1733 00102ddc40708NFICa001b001cTKSNFd2023-09-21l0oHEN 974.71 F128.3p2023-0693r2023-09-21 16:29:25w2023-09-21yBK